00310pab a2200133 454500008004000000100001500040245004900055260000900104300000800113362001100121650001500132650001000147773001900157180718b1997 xxu||||| |||| 00| 0 eng d aArun Kumar aThe black economy: ubiquitous, and crippling c1997 ap.8 a11 Sep aCorruption aMoney aIndian Express